00311nam a2200121Ia 4500008004000000020001800040082001500058100002000073245003900093260003300132300000800165650001600173210210b2001 xxu||||| |||| 00| 0 eng d a81 7033 645 7 a361.3 SUBF aSUBHEDAR (I S). aFieldwork training in social work. aNDbRawat Publicationsc2001 a275 aSocial work